000 00733nam a2200253Ia 4500
003 OSt
005 20220928111952.0
006 a|||||r|||| 00| 0
007 ta
008 220927b |||||||| |||| 00| 0 eng d
020 _c450
024 _a101592
037 _b453, 27/10/2009, Pioneer Book Distributors
_cTextual
040 _aSDCL
_cSDCL
_beng
041 _2eng
_aeng
082 _aY15.2'P, P3
100 _aEvans Mary
_9362889
245 0 _aGender and social theory.
260 _aNew Delhi
_bRawat Publications
_c2003
300 _aix,138p
_ccm.
650 _aPolitical Science
942 _hY15.2'P, P3
_cTEXL
_2CC
999 _c742727
_d742727